000 00312nam a2200157Ia 4500
100 _aPalanisamy/P.K
650 _aPhysics
250 _a2
942 _cBK
366 _f25
245 _aEngineering physics
260 _bSci tech
_c2005
082 _a530
_bPAL
546 _aENGLISH
_cComputers
999 _c23631
_d23631